000 00690nam a2200217Ii 4500
003 JO-AjNU
008 230605s9999||||xx |||||||||||||| ||und||
017 _a2009/13734
020 _a977-379-096-5
040 _aJO-AjNU
_bara
_erda
_cJO-AjNU
041 _aara
050 1 4 _aK845.E44.B55.2010
100 3 _a بن سعيد ، لزهر ,
_eauthor
_932008
245 0 0 _aالنظام القانوني لعقود التجارة الالكترونية
250 _a(د،ط)
264 3 1 _aالاسكندرية : دار الفكر الجامعي ، 2010
300 _a331ص
336 _atext
_btxt
_2rdacontent
337 _aunmediated
_bn
_2rdamedia
338 _avolume
_bnc
_2rdacarrier
999 _aA12870
_c16438
_d16438